Science Quiz

Random Science or Animal Quiz

Subspecies of Tiger - Picture Quiz Stats

 Plays Quiz not verified by Sporcle

Score 0/6 Timer 04:00
0 Plays Today
Number Subspecies % Correct
1.Bengal
93.4%
2.Siberian
89.1%
3.Sumatran
68.3%
5.Indo-Chinese
48.6%
6.South China
45.4%
4.Malayan
42.1%

You're not logged in!

Compare scores with friends on all Sporcle quizzes.
OR
Log In

Sporcle TV

Today on Sporcle TV


Watch our educational content, quiz creation guides, and fun videos on Sporcle TV.

Show Comments

Extras

Top Quizzes Today


Score Distribution

Your Account Isn't Verified!

In order to create a playlist on Sporcle, you need to verify the email address you used during registration. Go to your Sporcle Settings to finish the process.

Report this User

Report this user for behavior that violates our Community Guidelines.

Details: